La España que no pudo ser / (Record no. 85601)

MARC details
000 -LEADER
campo de control de longitud fija 00587nam a2200205 i 4500
001 - NÚMERO DE CONTROL
campo de control 85601
003 - IDENTIFICADOR DE NÚMERO DE CONTROL
campo de control ES-MaACL
007 - CAMPO FIJO DE DESCRIPCIÓN FÍSICA--INFORMACIÓN GENERAL
campo de control de longitud fija t|
008 - DATOS DE LONGITUD FIJA--INFORMACIÓN GENERAL
campo de control de longitud fija 041129s1983 sp ||||1| spa d
020 ## - NÚMERO INTERNACIONAL ESTÁNDAR DEL LIBRO
Número Internacional Estándar del Libro 84-85887-16-6
100 1# - ENTRADA PRINCIPAL--NOMBRE DE PERSONA
Nombre de persona Jutglar, Antoni.
9 (RLIN) 67368
245 13 - MENCIÓN DEL TÍTULO
Título La España que no pudo ser /
Mención de responsabilidad, etc. Antoni Jutglar.
250 ## - MENCION DE EDICION
Mención de edición 1ª ed. corr. y amp.
260 ## - PUBLICACIÓN, DISTRIBUCIÓN, ETC.
Lugar de publicación, distribución, etc. Barcelona :
Nombre del editor, distribuidor, etc. Anthropos,
Fecha de publicación, distribución, etc. 1983.
300 ## - DESCRIPCIÓN FÍSICA
Extensión 230 p. ;
Dimensiones 20 cm.
490 1# - MENCIÓN DE SERIE
Mención de serie Historia, ideas y textos ;
Designación de volumen o secuencia 3
830 0# - PUNTO DE ACCESO ADICIONAL DE SERIE-TÍTULO UNIFORME
Título uniforme Historia, ideas y textos ;
Designación de volumen o secuencia 3
9 (RLIN) 177280
852 ## - LOCALIZACIÓN
Ubicación ES-MaACL
Número de control de estantería G-1585
Sublocalización o colección R.114770
Holdings
Estatus retirado Estado de pérdida Estado de daño No para préstamo Biblioteca de origen Biblioteca actual Ubicación en estantería Fecha de adquisición Fuente de adquisición Total de préstamos Signatura topográfica completa Código de barras Visto por última vez Precio de reemplazo Tipo de ítem Koha
        Biblioteca del Ateneo de Madrid Biblioteca del Ateneo de Madrid Depósito 2 17/01/2008     G-1585 1089447 23/02/2023 23/02/2023 Libro impreso